Ayn Rand and the world she made / (Record no. 127057)
[ view plain ]
| 000 -LEADER | |
|---|---|
| campo de control de longitud fija | 02188nam a22002297a 4500 |
| 003 - IDENTIFICADOR DE NÚMERO DE CONTROL | |
| campo de control | BJBSDDR |
| 005 - FECHA Y HORA DE LA ÚLTIMA TRANSACCIÓN | |
| campo de control | 20260512115208.0 |
| 007 - CAMPO FIJO DE DESCRIPCIÓN FÍSICA--INFORMACIÓN GENERAL | |
| campo de control de longitud fija | ta |
| 008 - DATOS DE LONGITUD FIJA--INFORMACIÓN GENERAL | |
| campo de control de longitud fija | 260512s2009 nyu||||| |||| 00| 0 eng d |
| 020 ## - NÚMERO INTERNACIONAL ESTÁNDAR DEL LIBRO | |
| Número Internacional Estándar del Libro | 9780385513999 |
| 040 ## - FUENTE DE CATALOGACIÓN | |
| Lengua de catalogación | spa |
| Centro/agencia transcriptor | BJBSDDR |
| 041 ## - CÓDIGO DE IDIOMA | |
| Código de lengua del texto/banda sonora o título independiente | eng |
| 050 ## - SIGNATURA TOPOGRÁFICA DE LA BIBLIOTECA DEL CONGRESO | |
| Número de ítem | H477 2009 |
| 100 1# - ENTRADA PRINCIPAL--NOMBRE DE PERSONA | |
| Nombre de persona | Heller, Anne C |
| 9 (RLIN) | 48399 |
| 245 10 - MENCIÓN DEL TÍTULO | |
| Título | Ayn Rand and the world she made / |
| Mención de responsabilidad, etc. | Anne C. Heller |
| 260 ## - PUBLICACIÓN, DISTRIBUCIÓN, ETC. | |
| Lugar de publicación, distribución, etc. | New York : |
| Nombre del editor, distribuidor, etc. | Recording for the Blind & Dyslexic, |
| Fecha de publicación, distribución, etc. | 2009 |
| 300 ## - DESCRIPCIÓN FÍSICA | |
| Extensión | xiv, 566 pages : |
| Otras características físicas | illustrations ; |
| Dimensiones | 24 cm |
| 505 ## - NOTA DE CONTENIDO CON FORMATO | |
| Nota de contenido con formato | <br/>5050 Before the Revolution : 1905-1917<br/>Looters : 1917-1925<br/>Freedom to think : 1926-1934<br/>We are not like our brothers : 1934-1938<br/>The Fountainhead : 1936-1941<br/>The soul of an individualist : 1939-1942<br/>Money : 1943<br/>Fame : 1943-1946<br/>The top and the bottom : 1946-1949<br/>The means and the end : 1950-1953<br/>The immovable mover : 1953-1957<br/>Atlas shrugged : 1957<br/>The public philosopher : 1958-1963<br/>Account overdrawn : 1962-1967<br/>Either/or (the break) : 1967-1968<br/>In the name of the best within us : 1969-1982 |
| 520 ## - RESUMEN, ETC. | |
| Sumario, etc. | Ayn Rand is best known as the author of the perennially bestselling novels The Fountainhead and Atlas Shrugged. Altogether, more than 12 million copies of the two novels have been sold in the United States. The books have attracted three generations of readers, shaped the foundation of the Libertarian movement, and influenced White House economic policies throughout the Reagan years and beyond. A passionate advocate of laissez-faire capitalism and individual rights, Rand remains a powerful force in the political perceptions of Americans today. Yet twenty-five years after her death, her readers know little about her life. In this seminal biography, Anne Conover Heller traces the controversial author's life from her childhood in Russia during the Bolshevik Revolution to her years as a screenwriter in Hollywood, the publication of her blockbuster novels, and the rise and fall of the cult that formed around her in the 1950s and 1960s. Throughout, Heller reveals previously unknown facts about Rand's history and looks at Rand with new research and a fresh perspective. |
| 942 ## - ELEMENTOS DE ENTRADA SECUNDARIOS (KOHA) | |
| Fuente del sistema de clasificación o colocación | Clasificación de Library of Congress |
| Suprimir en OPAC | No |
| Tipo de ítem Koha | Libro |
| 946 ## - PROCESAMIENTO DE INFORMACIÓN LOCAL (OCLC) | |
| Iniciales del agente catalogador | cmc |
| Estatus retirado | Estado de pérdida | Fuente del sistema de clasificación o colocación | Estado de daño | No para préstamo | Colección | Biblioteca de origen | Biblioteca actual | Ubicación en estantería | Fecha de adquisición | Signatura topográfica completa | Código de barras | Visto por última vez | Copia número | Tipo de ítem Koha |
|---|---|---|---|---|---|---|---|---|---|---|---|---|---|---|
| Clasificación de Library of Congress | Automatización y Procesos Técnicos | Biblioteca Juan Bosch | Biblioteca Juan Bosch | Automatización y Procesos Técnicos (1er. Piso) | 12/05/2026 | H477 2009 | 00000199788 | 12/05/2026 | 1 | Libro |
